Vexillological Terms A-Z - Statistics

General Stats
  • This quiz has been taken 39 times
  • The average score is 6 of 26
Answer Stats
Definition Answer % Correct
B A synonym for a flag Banner
82%
U Another name for the British flag Union Jack
54%
N The cross seen on some European flags such as Norway, Sweden, or Denmark {Nordic} cross
50%
X A diagonal cross in the shape of an X {X} cross
39%
F The background of a flag Field
36%
E The flag of ship or military unit Ensign
32%
P A long narrow flag larger at the hoist than at the fly Pennant
32%
A A triangular charge or emblem on a flag that represents the tip of arrow Arrowhead
25%
C A quarter of a flag Canton
25%
L A flag used to link linguistic communities together {Linguistic} flag
25%
Q A flag divided into four parts Quadrisection
25%
W A variant of a national flag used by military forces on land {War} flag
21%
Z A saw-toothed line on a shield, banner of armss, or flag Zigzag
21%
M A cloak or robe behind a shield Mantle
18%
R The less important side of a flag, usually depicted with its hoist to the observer's right Reverse
18%
V A band, stripe, or pale running up or down Vertical
18%
G Cross seen on the Swiss flag {Greek} cross
14%
H The half or edge of flag closest to the flagpole Hoist
14%
O The more important side of a flag usually depicted with the hoist to the observer's left Obverse
14%
Y A beam or bar attached horizontally to a mast or pole Yard
14%
D The heraldic term for the right hand side of a flag or shield Dexter
11%
S A diagonal or diagonally-centered cross Saltire
11%
J A small vertical pole on the bow of a ship used for flying flags Jackstaff
4%
T An arrangement of three stripes on a flag Triband
4%
I The marshalling of two sets of arms side-by-side on a shield or banner Impale
0%
K When a division in the field of a banner or arms is indented like a castle battlement Kernelled
0%
No matching quizzes found
Score Distribution
Percent of People with Each Score
Percentile by Number Answered
Your Score History
You have not taken this quiz